Nghiên cứu sự phân bô của một sô chủng nấm moccs gây hại tại Đại Nội Huế và Thánh Địa Mỹ Sơn, Quảng Nam
Tổng quan tài liệu; Phương pháp nghiên cứu; Kết quả và biện luận...
Đã lưu trong:
| Príomhúdar: | |
|---|---|
| Údair Eile: | |
| Formáid: | Leabhar |
| Teanga: | Vietnamese |
| Foilsithe: |
Đà Nẵng
Đại học Đà Nẵng
2013
|
| Ábhair: | |
| Clibeanna: |
Cuir Clib Leis
Gan Chlibeanna, Bí ar an gcéad duine leis an taifead seo a chlibeáil!
|
| Thư viện lưu trữ: | Mạng thư viện Đại học Đà Nẵng |
|---|
| LEADER | 01539nam a2200337 4500 | ||
|---|---|---|---|
| 001 | 000019197 | ||
| 003 | 15632 | ||
| 005 | 20140331140328.0 | ||
| 008 | 140331s2013 viesd | ||
| 041 | |a vie | ||
| 082 | 1 | 4 | |a 579.5 |b NG-U |
| 100 | |a Nguyễn Thị Bé Út | ||
| 245 | |a Nghiên cứu sự phân bô của một sô chủng nấm moccs gây hại tại Đại Nội Huế và Thánh Địa Mỹ Sơn, Quảng Nam |c Nguyễn Thị Bé Út ; Đỗ Thu Hà hướng dẫn. |k Luận văn Thạc sĩ | ||
| 260 | |a Đà Nẵng |b Đại học Đà Nẵng |c 2013 | ||
| 300 | |a 113 tr., phụ lục 7 tr. |b Hình mh. |c 29 cm. |e Tóm tắt | ||
| 500 | |a Luận văn thạc sĩ Khoa học. Chuyên ngành : Sinh Thái học. Mã số: 60.42.60. | ||
| 520 | |a Tổng quan tài liệu; Phương pháp nghiên cứu; Kết quả và biện luận... | ||
| 650 | 0 | 4 | |a Nấm mốc gây hại |v Luận văn tốt nghiệp |x Nghiên cứu |z Huế ; Quảng Nam |
| 653 | |a Sinh thái học | ||
| 653 | |a Nấm mốc gây hại | ||
| 700 | |a Đỗ Thu Hà |c TS. |e Hướng dẫn | ||
| OWN | |a LSP | ||
| AVA | |a UDN50 |b LSP |d 579.5 NG-U |e available |t Error 5001 Not defined in file expand_doc_bib_avail. |f 1 |g 0 |h N |i 0 |k 1 | ||
| 999 | |a From the UDN01 | ||
| AVA | |a UDN50 |b LSP |d 579.5 NG-U |e available |t Error 5001 Not defined in file expand_doc_bib_avail. |f 1 |g 0 |h N |i 0 |k 1 | ||
| TYP | |a Monograph | ||
| TYP | |a Printed language | ||
| 980 | |a Mạng thư viện Đại học Đà Nẵng | ||